000 00889nam a2200157Ia 4500
008 151213s9999 xx 000 0 und d
100 _aবোরহান উদ্দিন খান । সম্পাদনায় : ড. মুহাম্মদ হাবিবুর রহমান।
245 _aঅপরাধ বিঞ্জান পরিচিতি।
_cবোরহান উদ্দিন খান । সম্পাদনায় : ড. মুহাম্মদ হাবিবুর রহমান।
250 _a২য় সং
260 _aঢাকা
_bপ্রভাতী প্রকাশনী
_c1993
300 _a3687 p.
650 _aLaw
650 _aLaw
700 _aবোরহান উদ্দিন খান । সম্পাদনায় : ড. মুহাম্মদ হাবিবুর রহমান।
999 _c2454
_d2454